[Event "ST Lee Cup 4th"]
[Site "Beijing"]
[Date "1997.08.24"]
[Round "2"]
[White "Tong Yuanming"]
[Black "Speelman, Jonathan S"]
[Result "1/2-1/2"]
[WhiteElo "2510"]
[BlackElo "2630"]

1.e4 c6 2.d4 d5 3.Nd2 dxe4 4.Nxe4 Nd7 5.Nf3 Ngf6 6.Nxf6+ Nxf6 7.Bc4 Bf5 8.Qe2 e6
9.c3 Be7 10.Ne5 Nd7 11.Bf4 h5 12.O-O g5 13.Bd2 Nxe5 14.Qxe5 Rg8 15.Rfe1 Qd7
16.Qa5 Kf8 17.Qe5 Rd8 18.Qe2 h4 19.Rad1 Rg6 20.g4 hxg3 21.fxg3 Rg7 22.Rf1 Kg8
23.Bb3 b5 24.Be3 a6 25.a4 Qc7 26.axb5 axb5 27.Ra1 Bd6 28.Qg2 c5 29.dxc5 Bxc5
30.Qf2 Bxe3 31.Qxe3 b4 32.Rfd1 bxc3 33.Rxd8+ Qxd8 34.bxc3 Kh7 35.Rd1 Qc7
36.Rd4 e5 37.Rc4 Qd6 38.Qf2 Bg6 39.Bc2 Bxc2 40.Qxc2+ Qg6 41.Qxg6+ Kxg6 42.h4 f6
43.Kf2 Rd7 44.hxg5 Kxg5 45.Rc8 Kf5 46.Ke3 Rg7 47.Kf3 e4+ 48.Kf2 Rd7 49.c4 Rd2+
50.Ke3 Rd3+ 51.Kf2 Ke5 52.Rc5+ Kd4 53.Rf5 Rd2+ 54.Kf1 Kxc4 55.Rxf6 Kd3 56.Ra6 Rd1+
57.Kg2 e3 58.Ra3+ Ke2 59.g4 Rd3 60.Ra1 Rd1 61.Ra3 Rc1 62.g5 Kd2 63.Ra2+ Rc2
64.Rxc2+ Kxc2 65.g6 e2 66.g7 e1=Q 67.g8=Q  1/2-1/2

[Event "ST Lee Cup 4th"]
[Site "Beijing"]
[Date "1997.08.27"]
[Round "4"]
[White "Oll, Lembit"]
[Black "Speelman, Jonathan S"]
[Result "1/2-1/2"]
[WhiteElo "2645"]
[BlackElo "2630"]

1.d4 e6 2.e4 d5 3.Nc3 dxe4 4.Nxe4 Nd7 5.Nf3 Ngf6 6.Nxf6+ Nxf6 7.Bd3 c5 8.dxc5 Bxc5
9.O-O O-O 10.Qe2 b6 11.Bg5 Bb7 12.Rad1 Qc7 13.Bxf6 gxf6 14.Be4 Bxe4 15.Qxe4 Rfd8
16.c3 Rac8 17.g3 Rd7  1/2-1/2

[Event "ST Lee Cup 4th"]
[Site "Beijing"]
[Date "1997.09.03"]
[Round "10"]
[White "Speelman, Jonathan S"]
[Black "Ye Jiangchuan"]
[Result "1/2-1/2"]
[WhiteElo "2630"]
[BlackElo "2530"]

1.d4 Nf6 2.Nf3 g6 3.Bg5 Bg7 4.Nbd2 O-O 5.e3 d6 6.Bc4 Nbd7 7.O-O h6 8.Bh4 Qe8
9.c3 e5 10.e4 Nh5 11.Re1 Nb6 12.Bb3 Bg4 13.h3 Bd7 14.a4 a5 15.Nc4 Nxc4 16.Bxc4 Nf4
17.Bg3 g5 18.Qb3 Rb8 19.Bb5 c6 20.Bf1 Qe7 21.dxe5 dxe5 22.Qb6 Qd8 23.Qc5 Re8
24.Rad1 Bf8 25.Qe3 Qc7 26.Bc4 b5 27.axb5 cxb5 28.Ba2 Rbd8 29.Bxf4 gxf4 30.Qe2 b4
31.Nh4 Ba4 32.Qg4+ Kh8 33.Rxd8 Rxd8 34.cxb4 axb4 35.Bd5 Be8 36.Nf5 Rb8 37.Ra1 Kh7
38.Ra6 Rb6 39.Ra8 Rb8 40.Ra6 Rb6 41.Ra8 Rb8 42.Ra1 Rb6 43.Qd1 Rb5 44.Kh2 Ra5
45.Rxa5 Qxa5 46.Qh5 Qa7 47.h4 Qc7 48.g3 Qb6 49.Qf3  1/2-1/2

[Event "EUCup Gr3"]
[Site "Slough"]
[Date "1997.09.24"]
[Round "3"]
[White "Chernin, Alexander"]
[Black "Speelman, Jonathan S"]
[Result "1-0"]
[WhiteElo "2640"]
[BlackElo "2630"]

1.c4 b6 2.Nc3 e6 3.Nf3 Bb7 4.e4 Bb4 5.Bd3 Ne7 6.Ne2 f5 7.Ng3 Ng6 8.O-O f4
9.Ne2 O-O 10.Bb1 Nh4 11.Nxh4 Qxh4 12.f3 e5 13.d4 Nc6 14.a3 Be7 15.dxe5 Nxe5
16.Kh1 Bd6 17.Bxf4 Rxf4 18.g3 Rxe4 19.gxh4 Rxh4 20.Nd4 Rf8 21.Be4 Ng4 22.Bxb7 Nxh2
23.Kg2 Nxf1 24.Qxf1 Rxd4 25.Bd5+  1-0

[Event "WchT 4th"]
[Site "Luzern"]
[Date "1997.10.25"]
[Round "1"]
[White "Speelman, Jonathan S"]
[Black "Cvitan, Ognjen"]
[Result "1/2-1/2"]
[WhiteElo "2630"]
[BlackElo "2570"]

1.d4 Nf6 2.Nf3 g6 3.Bg5 Bg7 4.Nbd2 O-O 5.e3 d6 6.Bc4 Nbd7 7.O-O e5 8.c3 Qe8
9.e4 h6 10.Bh4 Nh5 11.Re1 Bf6 12.a4 a5 13.Bb3 Nb6 14.Nc4 Nxc4 15.Bxc4 Qe7  1/2-1/2

[Event "WchT 4th"]
[Site "Luzern"]
[Date "1997.10.26"]
[Round "2"]
[White "Ekstroem, Roland"]
[Black "Speelman, Jonathan S"]
[Result "1/2-1/2"]
[WhiteElo "2475"]
[BlackElo "2630"]

1.e4 c6 2.d4 d5 3.Nd2 dxe4 4.Nxe4 Nd7 5.Ng5 Ngf6 6.Bd3 e6 7.N1f3 Bd6 8.Qe2 h6
9.Ne4 Nxe4 10.Qxe4 Qc7 11.Qg4 Kf8 12.O-O c5 13.c3 b6 14.Qh4 Bb7 15.Be4 Be7
16.Bg5 Nf6 17.Bxb7 Qxb7 18.Rad1 Kg8 19.Bc1 Kh7 20.Ne5 Rhf8 21.dxc5 bxc5 22.Rd3 Rad8
23.Rxd8 Bxd8 24.Rd1 Be7 25.h3 Qa6 26.Nd7 Rc8 27.Bxh6 Qe2 28.Bc1+ Kg8 29.Nxf6+ Bxf6
30.Qg4 Qc2 31.Qf3 c4 32.g3 Rc5 33.Be3 Ra5 34.Rd2 Qb1+ 35.Kg2 Rxa2 36.Rd1 Qg6
37.Rd7 Rxb2 38.Bxa7  1/2-1/2

[Event "WchT 4th"]
[Site "Luzern"]
[Date "1997.10.28"]
[Round "4"]
[White "Zvjaginsev, Vadim"]
[Black "Speelman, Jonathan S"]
[Result "1/2-1/2"]
[WhiteElo "2635"]
[BlackElo "2630"]

1.d4 e6 2.Nf3 Nf6 3.c4 Bb4+ 4.Bd2 a5 5.Nc3 d5 6.e3 O-O 7.Bd3 dxc4 8.Bxc4 b6
9.O-O Bb7 10.Qe2 Nbd7 11.Rfd1 Qe7 12.a3 Bxc3 13.Bxc3 Ne4 14.Be1 Nd6 15.Bd3 c5
16.b4 axb4 17.dxc5 bxc5 18.axb4 Rxa1 19.Rxa1 Rc8 20.bxc5  1/2-1/2

[Event "WchT 4th"]
[Site "Luzern"]
[Date "1997.10.31"]
[Round "7"]
[White "Speelman, Jonathan S"]
[Black "Borges Mateos, Juan"]
[Result "1-0"]
[WhiteElo "2630"]
[BlackElo "2480"]

1.c4 c5 2.Nf3 Nc6 3.Nc3 g6 4.e3 d6 5.h3 Bg7 6.d4 f5 7.d5 Bxc3+ 8.bxc3 Ne5
9.Nxe5 dxe5 10.e4 Nf6 11.exf5 gxf5 12.Be2 O-O 13.f4 e4 14.g4 Qa5 15.Be3 b6
16.Kf2 Rf7 17.Rg1 fxg4 18.hxg4 Ne8 19.d6 exd6 20.Qc2 Be6 21.Qxe4 Nc7 22.Rad1 Qxc3
23.Rxd6 Re8 24.Qd3 Qb2 25.Qd2 Qa3 26.f5 Bc8 27.Rd8 Bd7 28.Rxe8+ Bxe8 29.Bf4 Rd7
30.Qc2 Bf7 31.Bxc7 Rxc7 32.Qd2 Rc8 33.Qg5+ Kh8 34.Qf6+ Kg8 35.Qg5+ Kh8 36.Qf6+ Kg8
37.Rd1 Re8 38.Qg5+ Kh8 39.f6 Bg6 40.Qh6 Rxe2+ 41.Kxe2 Qb2+ 42.Qd2 Qe5+ 43.Qe3 Qxf6
44.g5 Qf5 45.Rd8+ Kg7 46.Qe7+ Bf7 47.Qf8+  1-0

[Event "WchT 4th"]
[Site "Luzern"]
[Date "1997.11.01"]
[Round "8"]
[White "Romanishin, Oleg M"]
[Black "Speelman, Jonathan S"]
[Result "1/2-1/2"]
[WhiteElo "2550"]
[BlackElo "2630"]

1.Nf3 b6 2.g3 Bb7 3.Bg2 g6 4.d4 Bg7 5.O-O Nf6 6.c4 O-O 7.d5 Ne4 8.Qc2 f5
9.Nbd2 Nd6 10.Nb3 c6 11.c5 Nf7 12.dxc6 Bxc6 13.Rd1 Na6 14.cxb6 axb6 15.Be3 Qb8
16.Qd2 Qb7 17.Nbd4 Be4 18.Nb5 Bc6 19.Nbd4 Be4 20.Nb5 Bc6  1/2-1/2

[Event "BCF-chT 97/98 (4NCL)"]
[Site "GBR"]
[Date "1997.11.22"]
[Round "3"]
[White "Speelman, Jonathan S"]
[Black "Ledger, David"]
[Result "1-0"]
[WhiteElo "2605"]
[BlackElo "2255"]

1.d4 d5 2.Bg5 Nf6 3.Bxf6 gxf6 4.e3 Bf5 5.Bd3 Bg6 6.Ne2 e6 7.Nbc3 Nd7 8.h4 c6
9.h5 Bxd3 10.cxd3 f5 11.Nf4 Bd6 12.g3 Qb6 13.Rb1 Rg8 14.Kf1 Bxf4 15.gxf4 c5
16.dxc5 Qxc5 17.Ne2 Qa5 18.a3 O-O-O 19.Nd4 Kb8 20.Ke2 Rg4 21.Rc1 Nb6 22.Qc2 Rc8
23.Qb3 Rcg8 24.Nf3 Rg2 25.Rc2 f6 26.Rhc1 e5 27.fxe5 fxe5 28.Rc5 Qa6 29.Nxe5 Re8
30.Qxd5 Qa4 31.Qxg2  1-0

[Event "BCF-chT 97/98 (4NCL)"]
[Site "GBR"]
[Date "1997.11.23"]
[Round "4"]
[White "Plaskett, Jim"]
[Black "Speelman, Jonathan S"]
[Result "1/2-1/2"]
[WhiteElo "2445"]
[BlackElo "2605"]

1.e4 e6 2.d4 d5 3.Nd2 dxe4 4.Nxe4 Nd7 5.Nf3 Ngf6 6.Bg5 h6 7.Nxf6+ Nxf6 8.Bh4 g6
9.Bc4 Bg7 10.Qe2 O-O 11.O-O-O c6 12.Ne5 a5 13.Qf3 a4 14.a3 Ra5 15.g4 Qe7
16.Kb1 c5 17.g5 Nh5 18.gxh6 Qxh4 19.hxg7 Nxg7 20.d5 b5 21.dxe6 Nxe6 22.Bxe6 Bxe6
23.Rhg1 Raa8 24.Qd3 c4 25.Rxg6+ Kh7 26.Rg4+ cxd3 27.Rxh4+ Kg7 28.Nxd3 Rh8
29.Rg1+ Kf6 30.Rf4+ Ke7 31.h4 Rh5 32.Re1 Rg8 33.Kc1 Rg2 34.Rfe4 Rh2 35.Nf4 R5xh4
36.Nxe6 Rxe4 37.Rxe4 fxe6 38.f4 Kd6 39.Re5 Rf2 40.Rxb5 Rxf4 41.Rb4 Rf2 42.Rxa4 e5
43.b3 Kd5 44.Rc4 e4 45.a4 Rh2 46.a5 Rh1+ 47.Kd2 Rh2+ 48.Ke3 Rh3+ 49.Kf2 Rh2+
50.Ke3 Rh3+ 51.Kd2 Rh2+ 52.Kc3 Rh3+ 53.Kb2 Rh8 54.Ra4 e3 55.Kc3 Re8 56.Ra1 Ke4
57.b4 Rc8+ 58.Kb3 e2 59.Re1 Ke3 60.a6 Kd2 61.Rxe2+ Kxe2 62.b5 Ra8 63.Kb4 Ke3
64.Ka5 Rc8 65.Kb6 Kd4 66.Ka7 Rc7+ 67.Kb8 Rh7 68.a7 Kc5 69.a8=Q Rh8+ 70.Ka7 Rxa8+
71.Kxa8 Kxb5  1/2-1/2

[Event "ST Lee Cup 4th"]
[Site "Beijing"]
[Date "1997.??.??"]
[Round "6"]
[White "Speelman, Jonathan S"]
[Black "Wang Yaoyao"]
[Result "1-0"]
[WhiteElo "2630"]
[BlackElo "2430"]

1.d4 Nf6 2.Bg5 Ne4 3.Bf4 d5 4.e3 c5 5.Bd3 Nc6 6.Bxe4 dxe4 7.d5 Nb4 8.Nc3 e6
9.d6 Nc6 10.Nxe4 f5 11.Bg5 Qb6 12.Nf6+ Kf7 13.Nxh7 Rxh7 14.d7 Be7 15.Nf3 Qxb2
16.O-O Qb6 17.dxc8=Q Rxc8 18.Rb1 Qa5 19.Rxb7 Rc7 20.Qb1 Bd6 21.Rd1 Be5 22.Nxe5+ Nxe5
23.Bf4  1-0

[Event "Bunratty Masters op"]
[Site "Bunratty"]
[Date "1997.??.??"]
[Round "1"]
[White "Moynihan, Kieran"]
[Black "Speelman, Jonathan S"]
[Result "0-1"]
[WhiteElo "2140"]
[BlackElo "2610"]

1.d4 e6 2.c4 b6 3.Nf3 Bb7 4.a3 f5 5.Nc3 Nf6 6.d5 Be7 7.dxe6 dxe6 8.Qa4+ Qd7
9.Qxd7+ Nbxd7 10.Bf4 Bd6 11.Bxd6 cxd6 12.Rd1 Ke7 13.e3 a6 14.Be2 Rhc8 15.O-O Bxf3
16.Bxf3 Ra7 17.Be2 Ne5 18.Rd4 Nc6 19.Rd2 Na5 20.Rfd1 Nxc4 21.Bxc4 Rxc4 22.Rxd6 Rd7
23.Rxd7+ Nxd7 24.Rd4 Rxd4 25.exd4 Kd6 26.Kf1 e5 27.dxe5+ Nxe5 28.Ke2 Nc4
29.Nd1 Kd5 30.Kd3 b5 31.Kc3 a5 32.Kd3 g5 33.Nc3+ Kc5 34.Nd1 h5 35.Kc3 Kd5
36.Kd3 Ne5+ 37.Kc3 f4 38.b3 g4 39.Kc2 b4 40.axb4 axb4 41.Kd2 Kd4 42.h3 f3  0-1

[Event "Bunratty Masters op"]
[Site "Bunratty"]
[Date "1997.??.??"]
[Round "2"]
[White "Speelman, Jonathan S"]
[Black "O'Cinneide, Mel"]
[Result "1/2-1/2"]
[WhiteElo "2610"]
[BlackElo "2255"]

1.Nf3 Nf6 2.d4 d5 3.c4 dxc4 4.e3 e6 5.Bxc4 c5 6.O-O a6 7.Bd3 Nbd7 8.Re1 b6
9.Nbd2 Bb7 10.a3 Be7 11.e4 cxd4 12.e5 Nd5 13.Nxd4 Qc7 14.N2f3 O-O 15.Bd2 Rac8
16.Qe2 Nc5 17.Bc2 Rfd8 18.Rac1 Qb8 19.h4 a5 20.b4 axb4 21.axb4 Nd7 22.b5 Nf8
23.Be4 Rxc1 24.Rxc1 Bc5 25.Nb3 Ba3 26.Rc4 Rc8 27.h5 h6 28.Nbd4 Bc5 29.Nb3 Be7
30.g3 Nd7 31.Rd4 Nc5 32.Nxc5 Bxc5  1/2-1/2

[Event "Bunratty Masters op"]
[Site "Bunratty"]
[Date "1997.??.??"]
[Round "5"]
[White "Orr, Mark J L"]
[Black "Speelman, Jonathan S"]
[Result "0-1"]
[WhiteElo "2360"]
[BlackElo "2610"]

1.d4 e6 2.e4 d5 3.e5 c5 4.c3 Nc6 5.Nf3 Bd7 6.a3 Nge7 7.Bd3 cxd4 8.cxd4 Qb6
9.Bc2 Nf5 10.Bxf5 exf5 11.O-O h6 12.Nc3 Be6 13.Na4 Qc7 14.Bd2 b5 15.Nc5 Bxc5
16.dxc5 d4 17.Re1 O-O 18.b4 Rfd8 19.Bf4 a5 20.Qd2 Kh7 21.h4 Qd7 22.Qb2 Qd5
23.Bd2 axb4 24.axb4 Qc4 25.Ra3 Rxa3 26.Qxa3 d3 27.Re3 f4 28.Re1 Bg4 29.Bc3 Bxf3
30.gxf3 d2 31.Rd1 Rd3 32.e6 fxe6  0-1

[Event "Bunratty Masters op"]
[Site "Bunratty"]
[Date "1997.??.??"]
[Round "6"]
[White "Speelman, Jonathan S"]
[Black "King, Daniel J"]
[Result "1/2-1/2"]
[WhiteElo "2610"]
[BlackElo "2535"]

1.Nf3 Nf6 2.c4 e6 3.g3 c5 4.Bg2 Nc6 5.O-O d5 6.cxd5 exd5 7.d4 Be7 8.dxc5 Bxc5
9.Bg5 O-O 10.Nc3 d4 11.Bxf6 Qxf6 12.Nd5 Qd8 13.Ne1 Re8 14.Nd3 Bf8 15.a3 Bf5
16.N5b4 Bxb4 17.Nxb4 Nxb4 18.axb4  1/2-1/2

[Event "BCF-chT 96/97"]
[Site "England"]
[Date "1997.??.??"]
[Round "?"]
[White "Sadler, Matthew"]
[Black "Speelman, Jonathan S"]
[Result "1/2-1/2"]
[WhiteElo "2650"]
[BlackElo "2610"]

1.d4 d6 2.e4 Nf6 3.Nc3 g6 4.f4 Bg7 5.Nf3 O-O 6.Be3 b6 7.Qd2 Bb7 8.e5 Ng4
9.O-O-O c5 10.dxc5 Qc8 11.cxd6 exd6 12.exd6 Bxc3 13.bxc3 Qe6 14.Bd4 Nc6 15.c4 Qxd6
16.Be5 Qxd2+ 17.Rxd2 Ne3 18.Bd3 Nxe5 19.Nxe5 Rfc8  1/2-1/2

[Event "Bundesliga 9697"]
[Site "Germany"]
[Date "1997.??.??"]
[Round "?.3"]
[White "Lobron, Eric"]
[Black "Speelman, Jonathan S"]
[Result "0-1"]
[WhiteElo "2570"]
[BlackElo "2610"]

1.d4 e6 2.c4 b6 3.e4 Bb7 4.Bd3 Nc6 5.Ne2 e5 6.d5 Nb4 7.O-O Ne7 8.Nbc3 Nxd3
9.Qxd3 Ng6 10.Ng3 Be7 11.Nf5 O-O 12.g3 d6 13.h4 Bf6 14.Kg2 Bc8 15.Rh1 Re8
16.Bd2 a6 17.a4 Bd7 18.Rag1 Rb8 19.h5 Nf8 20.h6 g6 21.Ng7 Bxg7 22.hxg7 Kxg7
23.Bh6+ Kg8 24.f4 f6 25.f5 Re7 26.Nd1 Bxa4 27.Ne3 Be8 28.Ng4 Nd7 29.Rf1 g5
30.Bxg5 Rg7 31.Bh6 Rxg4 32.Qf3 Rg5 33.Bxg5 fxg5 34.Rh6 Nf6 35.Rfh1 c5 36.Qa3 a5
37.b4 Qe7 38.bxa5 bxa5 39.Qxa5 Rb2+ 40.Kg1 Qb7 41.R6h2 Rb1+ 42.Kg2 Qb2+ 43.Kh3 g4+
44.Kh4 h6  0-1

[Event "Bundesliga 9798"]
[Site "Germany"]
[Date "1997.??.??"]
[Round "?.2"]
[White "Speelman, Jonathan S"]
[Black "Casper, Thomas"]
[Result "1/2-1/2"]
[WhiteElo "2630"]
[BlackElo "2415"]

1.d4 Nf6 2.Bg5 d6 3.Bxf6 exf6 4.c4 f5 5.Nc3 Nd7 6.g3 Nf6 7.Bg2 g6 8.e3 h5
9.h4 Bh6 10.Nh3 O-O 11.O-O Re8 12.Qd3 a5 13.a3 Ne4 14.Nf4 Nxc3 15.Qxc3 a4
16.c5 Bxf4 17.exf4 d5 18.Rfe1 Rxe1+ 19.Rxe1 Be6 20.Qb4 Ra7 21.Bf1 Qf8 22.Bb5 Qa8
23.Re5 Kg7 24.Re2 Kg8 25.Rc2 Kg7 26.Kf1 Kg8 27.Ke1 Kg7 28.Kd1 Kg8 29.Kc1 Kg7
30.Kb1 Ra5 31.Ka2 Ra7 32.f3 Kg8 33.Rc1 Kg7 34.Qe1 Qd8 35.Bd3 Qf6 36.Qe5 Qxe5
37.fxe5 Bd7 38.Kb1 Kf8 39.Kc2 Ke7 40.Kc3 Ra8 41.Kb4 Rg8 42.f4 Ra8 43.Bc2 Bc6
44.b3 axb3 45.Bxb3 Kd7 46.a4 Ra7 47.a5 Ra8 48.Bc2 Re8 49.Bd3 Ra8 50.Ra1 Rb8
51.Kc3 Ra8 52.a6 bxa6 53.Rxa6 Rb8 54.Ra5 Ke7 55.Bc2 Kd7 56.Bb3 Rb7 57.Kb2 Rb4
58.Kc3 Rb7 59.Ra6 Rb8 60.Bc2 Rh8 61.Kb4 Rb8+ 62.Ka3 Bb5 63.Ra5 Bc6 64.Bd3 Ke7
65.Ra7 Kd8 66.Bc2 Kd7 67.Bb3 Kd8 68.Kb2 Ra8 69.Ra3 Rb8 70.Kc3 Ke7 71.Ra1 Kd8
72.Ra7 Kd7 73.Ra6 Rh8 74.Ba4 Bxa4 75.Rxa4 Rb8 76.Ra6 Rb1 77.Kc2 Rb4 78.Kd3 Rb3+
79.Kd2 Rb4 80.Kc3 Rc4+ 81.Kd3 Rc1  1/2-1/2

[Event "Bundesliga 9798"]
[Site "Germany"]
[Date "1997.??.??"]
[Round "?.2"]
[White "Ribli, Zoltan"]
[Black "Speelman, Jonathan S"]
[Result "1/2-1/2"]
[WhiteElo "2570"]
[BlackElo "2630"]

1.Nf3 b6 2.g3 Bb7 3.Bg2 g6 4.c4 c5 5.d4 cxd4 6.Qxd4 Nf6 7.Nc3 Bg7 8.O-O d6
9.Rd1 Nbd7 10.b3 Rc8 11.Bb2 O-O 12.Rac1 Re8 13.Nd5 b5 14.Ne1  1/2-1/2

[Event "BCF-ch"]
[Site "Hove"]
[Date "1997.??.??"]
[Round "1"]
[White "Speelman, Jonathan S"]
[Black "Cobb, Charles"]
[Result "1-0"]
[WhiteElo "2630"]
[BlackElo "2290"]

1.d4 Nf6 2.Nf3 e6 3.g3 b6 4.Bg2 Bb7 5.c4 Be7 6.O-O O-O 7.Nc3 Ne4 8.Bd2 f5
9.d5 Bf6 10.Rc1 Na6 11.Be1 Nac5 12.Nd4 Nxc3 13.Bxc3 e5 14.Nxf5 Bg5 15.f4 Rxf5
16.Qc2 Rf8 17.fxg5 Qxg5 18.b4 Na6 19.Bd2 Qh5 20.Bf3 Qe8 21.Be4 Qh5 22.Rf3 d6
23.Rcf1 Rxf3 24.Bxf3 Qh3 25.Be4 Qh5 26.Bf5 Kh8 27.Be6 c5 28.Rf7 Qxe2 29.Bh6 Qe1+
30.Kg2 Rg8 31.Bxg7+  1-0

[Event "BCF-ch"]
[Site "Hove"]
[Date "1997.??.??"]
[Round "5"]
[White "Speelman, Jonathan S"]
[Black "Smith, Andrew Philip"]
[Result "1-0"]
[WhiteElo "2630"]
[BlackElo "2255"]

1.Nf3 Nf6 2.c4 c5 3.Nc3 g6 4.d4 Bg7 5.e4 O-O 6.Be2 d6 7.O-O Bg4 8.d5 b5 9.e5 Bxf3
10.Bxf3 Nfd7 11.exd6 exd6 12.Nxb5 Nb6 13.Be2 a6 14.Na3 N8d7 15.Rb1 f5 16.Bd2 f4
17.b4 Ne5 18.bxc5 dxc5 19.Rb3 Nc8 20.g3 g5 21.Bg4 Nd6 22.Be6+ Kh8 23.Qh5 Ne4
24.Bc1 fxg3 25.hxg3 h6 26.Qe2 Nd6 27.f4 gxf4 28.gxf4 Nef7 29.Kh1 Bd4 30.Nc2 Ne4
31.Qxe4 Qh4+ 32.Rh3  1-0

[Event "BCF-ch"]
[Site "Hove"]
[Date "1997.??.??"]
[Round "11"]
[White "Speelman, Jonathan S"]
[Black "Martin, Andrew D"]
[Result "1-0"]
[WhiteElo "2630"]
[BlackElo "2425"]

1.d4 d6 2.c3 g6 3.Bg5 Bg7 4.e4 Nf6 5.Nd2 O-O 6.h3 c5 7.dxc5 dxc5 8.Bc4 Nc6
9.Ngf3 Qc7 10.O-O b6 11.Re1 h6 12.Bxf6 Bxf6 13.Qe2 Bg7 14.e5 Bb7 15.e6 f5
16.Ba6 Bxa6 17.Qxa6 g5 18.Qc4 Rad8 19.Nf1 f4 20.N1h2 Rd6 21.h4 gxh4 22.Qe4 Nd8
23.Nxh4 Rd2 24.N2f3 Rxb2 25.Rad1 Nc6 26.Ng6 Na5 27.Qd5 Re8 28.Qf5  1-0

[Event "Leeuwarden op"]
[Site "Leeuwarden"]
[Date "1997.??.??"]
[Round "1"]
[White "Bosch, Jeroen"]
[Black "Speelman, Jonathan S"]
[Result "1/2-1/2"]
[WhiteElo "2405"]
[BlackElo "2630"]

1.e4 c6 2.d4 d5 3.e5 Bf5 4.Nf3 e6 5.Be2 a6 6.O-O c5 7.Be3 Nd7 8.c4 dxc4 9.d5 Ne7
10.Nc3 b5 11.Nh4 Nxe5 12.d6 Bd3 13.dxe7 Bxe7 14.f4 Nc6 15.Nf3 O-O 16.Rc1 Rc8
17.a4 Rb8 18.axb5  1/2-1/2

[Event "Leeuwarden op"]
[Site "Leeuwarden"]
[Date "1997.??.??"]
[Round "2"]
[White "Speelman, Jonathan S"]
[Black "Peelen, Piet"]
[Result "1/2-1/2"]
[WhiteElo "2630"]
[BlackElo "2350"]

1.c4 e6 2.Nc3 d5 3.d4 Nf6 4.cxd5 exd5 5.Bg5 c6 6.e3 Be7 7.Bd3 Nbd7 8.Nge2 Nh5
9.Bxe7 Qxe7 10.g4 Nhf6 11.Ng3 h6 12.Nf5 Qf8 13.h3 g6 14.Ng3 Qe7 15.Qe2 Nb6
16.O-O-O Bd7 17.Kb1 O-O-O 18.Ka1 Kb8 19.Rb1 Ne8 20.f3 Bc8 21.Qf2 Ng7 22.h4 Rhe8
23.Rbe1 c5 24.Bb5 Bd7 25.Bxd7 Rxd7 26.h5 gxh5 27.dxc5 Qxc5 28.Nxh5 Nxh5 29.Rxh5 Nc4
30.Qh2+ Ka8 31.e4 Qb4 32.Rd1 Ne3 33.Nxd5 Rc8 34.Kb1 Qa4 35.b3 Qa3 36.Rh1 Rc2
37.Qxc2 Nxc2 38.Rxh6 b5 39.Kxc2 Qxa2+ 40.Kc3 b4+ 41.Kxb4 Kb7 42.Rf6 Qd2+
43.Ka3 Qa5+ 44.Kb2 Qd2+ 45.Ka3 Qa5+  1/2-1/2

[Event "Leeuwarden op"]
[Site "Leeuwarden"]
[Date "1997.??.??"]
[Round "4"]
[White "Speelman, Jonathan S"]
[Black "Grooten, Herman"]
[Result "1-0"]
[WhiteElo "2630"]
[BlackElo "2390"]

1.c4 c5 2.Nf3 b6 3.Nc3 Nf6 4.e3 g6 5.d4 Bg7 6.Be2 O-O 7.O-O d6 8.Rb1 Na6
9.a3 Bf5 10.Bd3 Bxd3 11.Qxd3 Rc8 12.Rd1 Qd7 13.b3 e6 14.b4 cxb4 15.axb4 Nb8
16.d5 e5 17.Ba3 Qe7 18.Nd2 Nfd7 19.Nb5 a6 20.Na7 Rce8 21.Nc6 Qh4 22.e4 f5
23.c5 b5 24.cxd6 Kh8 25.Bb2 Qxf2+ 26.Kh1 Bh6 27.exf5 gxf5 28.Nf3 Bg7 29.Ne7 e4
30.Bxg7+ Kxg7 31.Qc3+ Rf6 32.Rb2 Qb6 33.Nd4 f4 34.Ne6+ Kh8 35.Ng5 e3 36.Ne4 Kg7
37.Rf1 Kf7 38.Rxf4 Rxe7 39.Rxf6+  1-0

[Event "Leeuwarden op"]
[Site "Leeuwarden"]
[Date "1997.??.??"]
[Round "6"]
[White "Yakovich, Yuri"]
[Black "Speelman, Jonathan S"]
[Result "1/2-1/2"]
[WhiteElo "2610"]
[BlackElo "2630"]

1.d4 e6 2.e4 d5 3.Nd2 c5 4.exd5 Qxd5 5.dxc5 Bxc5 6.Ngf3 Nf6 7.Bd3 Nbd7 8.Qe2 b6
9.Ne4 Bb7 10.Nxc5 Qxc5 11.O-O O-O 12.Be3 Qc7 13.Bd4 Nc5 14.Be5 Qe7 15.Bc4 Ncd7
16.Bd4 Rac8 17.Bb3  1/2-1/2

[Event "Leeuwarden op"]
[Site "Leeuwarden"]
[Date "1997.??.??"]
[Round "9"]
[White "Sokolov, Ivan"]
[Black "Speelman, Jonathan S"]
[Result "1/2-1/2"]
[WhiteElo "2635"]
[BlackElo "2630"]

1.d4 e6 2.c4 b6 3.Nc3 Bb4 4.Qb3 c5 5.Nf3 Nc6 6.a3 Ba5 7.e3 Nf6 8.Bd3 O-O
9.O-O d5 10.Rd1 Bxc3 11.Qxc3 cxd4 12.Nxd4 Nxd4 13.Qxd4 Ba6 14.cxd5 Bxd3 15.Qxd3 Nxd5
16.e4 Nf6 17.Qf3 Qc7 18.Bg5 Qe5 19.Bxf6 Qxf6 20.Qxf6 gxf6 21.Rac1 Rfd8 22.g3 Rxd1+
23.Rxd1 Rc8 24.Rd7 Rc2 25.b4 a5 26.bxa5 bxa5 27.Ra7 Rc4 28.Rxa5 Rxe4 29.Rc5 Ra4
30.Rc3 h5 31.Kf1 f5 32.Ke2 f4 33.Kd2 fxg3 34.hxg3 h4 35.gxh4 Rxh4 36.Kc2 Rf4
37.f3 e5 38.Kb3 e4 39.fxe4 Rxe4 40.Rc8+ Kg7 41.a4 f5 42.a5 Re7 43.Rc4 Kg6
44.a6 Ra7 45.Ra4 f4 46.Rxf4 Rxa6 47.Ra4 Rxa4 48.Kxa4  1/2-1/2

[Event "Academics-Philistines m"]
[Site "London"]
[Date "1997.??.??"]
[Round "?"]
[White "Sadler, Matthew"]
[Black "Speelman, Jonathan S"]
[Result "1/2-1/2"]
[WhiteElo "2665"]
[BlackElo "2630"]

1.d4 e6 2.e4 d5 3.Nd2 dxe4 4.Nxe4 Nd7 5.Nf3 Ngf6 6.Bd3 c5 7.Qe2 cxd4 8.Nxf6+ Nxf6
9.Bd2 Qd5 10.g4 Bd7 11.Rg1 Bc6 12.Ne5 Ne4 13.Nxc6 Nxd2 14.Nxd4 Qxd4 15.Bb5+ Ke7
16.O-O-O Rd8 17.Qxd2 Qxd2+ 18.Rxd2  1/2-1/2

[Event "EU-chT (Men)"]
[Site "Pula"]
[Date "1997.??.??"]
[Round "1"]
[White "Speelman, Jonathan S"]
[Black "Oll, Lembit"]
[Result "1/2-1/2"]
[WhiteElo "2610"]
[BlackElo "2625"]

1.c4 e5 2.g3 Nf6 3.Bg2 d5 4.cxd5 Nxd5 5.Nf3 Nc6 6.O-O Nb6 7.b3 g6 8.Nc3 Bg7
9.Ba3 a5 10.Ne1 Nb4 11.Nd3 Qe7 12.f4 exf4 13.Rxf4 O-O 14.Kh1 c5 15.Qg1 Nd7
16.Raf1 Ra6 17.Bb2 Rd6 18.Nxb4 axb4 19.Nd5 Qxe2 20.Re1 Qd3 21.Re3 Qxd2 22.Bxg7 Kxg7
23.Rf2 Qd4 24.Rf4 Rxd5 25.Rxd4 Rxd4 26.Re4 Rxe4 27.Bxe4 Re8 28.Bg2 Nf8 29.h3 b6
30.Qd1 h5 31.Kg1 Bf5 32.Bf1 Re3 33.Qd6 Re6 34.Qb8 Re1 35.Kf2 Rc1 36.Bc4 Rc2+
37.Ke3 Rc3+ 38.Kf2 Rc2+ 39.Ke3 Rxa2 40.Qxb6 Ne6  1/2-1/2

[Event "EU-chT (Men)"]
[Site "Pula"]
[Date "1997.??.??"]
[Round "2"]
[White "Akesson, Ralf"]
[Black "Speelman, Jonathan S"]
[Result "0-1"]
[WhiteElo "2515"]
[BlackElo "2610"]

1.Nf3 b6 2.g3 Bb7 3.Bg2 g6 4.O-O Bg7 5.d4 Nf6 6.c4 e6 7.Nc3 Ne4 8.Nxe4 Bxe4
9.Bg5 Qc8 10.Qd2 h6 11.Be3 d6 12.d5 Nd7 13.Nd4 Bxg2 14.Kxg2 Qb7 15.Nc6 Ne5
16.Nxe5 dxe5 17.Rfd1 O-O-O 18.f3 Rd7 19.Bf2 exd5 20.cxd5 e4 21.fxe4 Re8 22.Qc2 f5
23.exf5 Rxd5 24.Kg1 gxf5 25.Rac1 Rxd1+ 26.Rxd1 Qe4 27.Rd2 Qxc2 28.Rxc2 Re4
29.Kg2 Kd7 30.Kf3 c5 31.b3 Kc6 32.h3 h5 33.Rc4 Kd5 34.Rxe4 fxe4+ 35.Kf4 b5
36.Kg5 c4 37.bxc4+ bxc4 38.Kxh5 Bd4 39.Be1 c3 40.Kg6 Kc4 41.Kf5 e3 42.Bxc3 Kxc3
43.Ke4 Kd2 44.Kf3 Ba1 45.h4 Bf6  0-1

[Event "EU-chT (Men)"]
[Site "Pula"]
[Date "1997.??.??"]
[Round "3"]
[White "Speelman, Jonathan S"]
[Black "Shulman, Yuri"]
[Result "1/2-1/2"]
[WhiteElo "2610"]
[BlackElo "2555"]

1.d4 Nf6 2.Nf3 g6 3.c4 Bg7 4.Nc3 O-O 5.Bg5 d6 6.e3 c5 7.d5 a6 8.Nd2 h6 9.Bh4 e5
10.Bd3 Qe8 11.O-O Nh7 12.Nde4 Qd7 13.f4 f5 14.fxe5 Bxe5 15.Nd2 Qg7 16.Nf3 Nd7
17.Qd2 Bf6 18.Bg3 Ne5 19.Na4 Bd7 20.Nb6 Rae8 21.Rae1 Bd8 22.Nxd7 Qxd7 23.Nxe5 dxe5
24.e4 f4 25.Bf2 Be7 26.b4 Qc7 27.bxc5 Bxc5 28.Rb1 b6 29.Bxc5 Qxc5+ 30.Qf2 Rb8
31.Rb3 Qxf2+ 32.Kxf2 Nf6 33.Rfb1 Nd7 34.Be2 h5 35.c5 Nxc5 36.Rxb6 Nxe4+ 37.Ke1 Rxb6
38.Rxb6 Rf6 39.Rxa6 Rxa6 40.Bxa6 Kf8 41.a4 Nc5 42.Bb5 Nb7 43.h4 Ke7 44.Bc6 Na5
45.d6+ Kxd6 46.Be4 Nc4 47.Bxg6 Ne3 48.Kf2 Ng4+ 49.Kf3 Nf6 50.a5 Kc5 51.a6 Kb6
52.Bxh5 Nxh5 53.Ke4 f3 54.Kxf3 Nf6 55.g4 e4+ 56.Kg3 e3 57.g5 Nh5+ 58.Kf3 Nf4
59.g6 Nxg6 60.h5 e2  1/2-1/2

[Event "EU-chT (Men)"]
[Site "Pula"]
[Date "1997.??.??"]
[Round "7"]
[White "Speelman, Jonathan S"]
[Black "Pinter, Jozsef"]
[Result "1/2-1/2"]
[WhiteElo "2610"]
[BlackElo "2575"]

1.d4 Nf6 2.c4 e6 3.Nc3 Bb4 4.e3 c5 5.Bd3 O-O 6.Nf3 d5 7.O-O Nc6 8.a3 Bxc3
9.bxc3 Qc7 10.Nd2 Na5 11.Qe2 dxc4 12.Nxc4 Nxc4 13.Bxc4 e5 14.h3 cxd4 15.cxd4 exd4
16.Bb2 Be6 17.Rfc1 Qe7 18.Bxd4 b6 19.a4 Rac8 20.a5 bxa5 21.Bxe6 Rxc1+ 22.Rxc1 Qxe6
23.Qb5 Rc8 24.Ra1 a6 25.Qxa5 Rc6 26.Qd8+ Ne8 27.Qa8 h6 28.Rb1 Rc8 29.Qf3 Qd6
30.Qf5 Rc6 31.f4 Qc7 32.Kh2 Qc8 33.Qe5 Re6 34.Rb8 Rxe5 35.Rxc8 Re4 36.Kg3 f6
37.Kf3 Kf7 38.Ra8 Re6 39.Ra7+ Kf8 40.e4 Rc6 41.e5 f5 42.g4 g6 43.Ra8 Kf7
44.e6+ Rxe6 45.Ra7+ Kg8 46.Be5  1/2-1/2

[Event "EU-chT (Men)"]
[Site "Pula"]
[Date "1997.??.??"]
[Round "8"]
[White "Speelman, Jonathan S"]
[Black "Zvjaginsev, Vadim"]
[Result "1/2-1/2"]
[WhiteElo "2610"]
[BlackElo "2610"]

1.d4 Nf6 2.Nf3 d5 3.c4 e6 4.Bg5 Bb4+ 5.Nc3 Nbd7 6.cxd5 exd5 7.a3 Bxc3+ 8.bxc3 c5
9.Nd2 O-O 10.g3 h6 11.Bf4 Qa5 12.Bg2 Qxc3 13.dxc5 Qxc5  1/2-1/2